Spot On Battle Huffaz. (Record no. 193970)

MARC details
000 -LEADER
fixed length control field 01366nam a2200337 ia4500
003 - CONTROL NUMBER IDENTIFIER
control field OSt
005 - DATE AND TIME OF LATEST TRANSACTION
control field 20231212125109.0
008 - FIXED-LENGTH DATA ELEMENTS--GENERAL INFORMATION
fixed length control field 231212s2023 my gr 000 0 may d
020 ## - INTERNATIONAL STANDARD BOOK NUMBER
International Standard Book Number 9789672756040
Qualifying information paperback
Terms of availability RM 30.00
040 ## - CATALOGING SOURCE
Original cataloging agency PPAK
Language of cataloging eng
Transcribing agency PPAK
Description conventions rda
082 04 - DEWEY DECIMAL CLASSIFICATION NUMBER
Classification number 297.1224045
Edition number 23
090 00 - LOCALLY ASSIGNED LC-TYPE CALL NUMBER (OCLC); LOCAL CALL NUMBER (RLIN)
Classification number (OCLC) (R) ; Classification number, CALL (RLIN) (NR) 297.1224045
Feature heading SPO
Feature heading G
245 00 - TITLE STATEMENT
Title Spot On Battle Huffaz.
Number of part/section of a work Jilid III /
Statement of responsibility, etc. PENYUSUN : DR. INTAN ZAKIAH JAMALUDDIN ; KATA ALUAN: DATUK DR. ZULKIFLI MOHAMAD AL-BAKRI ; KATA PENGANTAR: USTAZ EHSAN BIN MOHD HOSNI, USTAZ MOHD NADZRI ABDULLAH.
264 #1 - PRODUCTION, PUBLICATION, DISTRIBUTION, MANUFACTURE, AND COPYRIGHT NOTICE
Place of production, publication, distribution, manufacture Banting, Selangor :
Name of producer, publisher, distributor, manufacturer Raushan Press,
Date of production, publication, distribution, manufacture, or copyright notice 2023
300 ## - PHYSICAL DESCRIPTION
Extent 119 pages ;
Dimensions 23 cm
336 ## - CONTENT TYPE
Content type term text
Source rdacontent
337 ## - MEDIA TYPE
Media type term unmediated
Source rdamedia
338 ## - CARRIER TYPE
Carrier type term volume
Source rdacarrier
500 ## - GENERAL NOTE
General note Contains verses from Qur’an and quotes from the Hadith.<br/>
630 #0 - SUBJECT ADDED ENTRY--UNIFORM TITLE
Uniform title Qur'an
General subdivision Memorizing
-- Study and teaching
Uniform title Qur'an
General subdivision Memorizing
Uniform title Qur'an
General subdivision Recitation
Uniform title Qur'an
General subdivision Recitation
-- Study and teaching
650 20 - SUBJECT ADDED ENTRY--TOPICAL TERM
Topical term or geographic name entry element Hafiz
Topical term or geographic name entry element Teaching
General subdivision Methodology
700 0# - ADDED ENTRY--PERSONAL NAME
Personal name Intan Zakiah Jamaluddin,
Titles and other words associated with a name Dr.,
Relator term compiler.
Personal name Zulkifli Mohamad Al-Bakri,
Titles and other words associated with a name Datuk. Dr.,
Relator term welcoming notes author.
Personal name Ehsan Bin Mohd Hosni,
Titles and other words associated with a name Ustaz,
Relator term foreword author.
Personal name Mohd Nazri Abdullah,
Titles and other words associated with a name Ustaz,
Relator term foreword author.
942 ## - ADDED ENTRY ELEMENTS (KOHA)
Source of classification or shelving scheme Dewey Decimal Classification
Koha item type Book
Holdings
Withdrawn Not for loan Current library Shelving location Date acquired Total Checkouts Full call number Barcode Date last seen Koha item type
    Perpustakaan Alor Setar Pinjaman Dewasa 03/01/2024   297.1224045 SPO A01806844 03/01/2024 Book
    Perpustakaan Awam Sungai Petani Pinjaman Dewasa 03/01/2024   297.1224045 SPO A01806845 03/01/2024 Book
    Perpustakaan Jitra Pinjaman Dewasa 03/01/2024   297.1224045 SPO A01806846 03/01/2024 Book
    Perpustakaan Kulim Pinjaman Dewasa 03/01/2024   297.1224045 SPO A01806848 03/01/2024 Book
    Perpustakaan Langkawi Pinjaman Dewasa 03/01/2024   297.1224045 SPO A01806847 03/01/2024 Book